[Event "Challenge"]
[Site "http://www.queenalice.com/game.php?id=606470"]
[Date "2009.6.20"]
[Round "-"]
[White "barbarosa"]
[Black "MarceloBP"]
[Result "0-1"]
[WhiteElo "1830"]
[BlackElo "1818"]

1. e4 e5 2. Nf3 Nc6 3. Bb5 d6 4. Bxc6+ bxc6 5. O-O Nf6 6. d3 Be7 7. h3 Be6 8. c4
O-O 9. Ng5 d5 10. Nxe6 fxe6 11. Bg5 dxe4 12. Bxf6 Bxf6 13. dxe4 Qd4 14. Qe2 Rad8
15. Nc3 Qd2 16. Qxd2 Rxd2 17. b3 Be7 18. Rfd1 Rfxf2 19. Rxd2 Rxd2 20. Rd1 Rc2
21. Rd3 Bc5+ 22. Kh2 Bd4 23. Nd1 Rxa2 24. Ne3 Re2 25. Nf1 Rxe4 26. Nd2 Rf4 27.
Nf3 c5 28. Ng5 e4 29. Rd1 e3 30. Nf3 e5 31. Rc1 e2 32. Kg3 Rf6 33. Re1 e4 34.
Ng5 Bf2+ 35. Kh2 Bxe1 36. Nxe4 Bg3+ 0-1

[Event "Challenge"]
[Site "http://www.queenalice.com/game.php?id=606471"]
[Date "2009.6.20"]
[Round "-"]
[White "barbarosa"]
[Black "garca"]
[Result "1-0"]
[WhiteElo "1823"]
[BlackElo "1827"]

1. e4 e5 2. Nf3 d6 3. h3 Nf6 4. Nc3 h6 5. Bc4 Be7 6. O-O Bd7 7. d4 exd4 8. Nxd4
Nc6 9. Be3 O-O 10. a3 Qc8 11. Qf3 a6 12. Qg3 Kh8 13. f4 b5 14. Bd3 Nxd4 15. Bxd4
c5 16. Be3 c4 17. Be2 Bc6 18. Bf3 Qb7 19. e5 Nd5 20. Nxd5 Bxd5 21. Bd4 f6 22.
exf6 Bxf6 23. Rad1 Bxf3 24. Qxf3 Qxf3 25. Rxf3 Rad8 26. g4 d5 27. Kg2 Bxd4 28.
Rxd4 Rd6 29. Re3 Kg8 30. f5 Kf7 31. Re5 Re8 32. Rxe8 Kxe8 33. Kf3 Ke7 34. c3 a5
35. Kf4 Kf6 36. h4 g5+ 37. fxg6 Kxg6 38. Ke5 Rf6 39. Rxd5 1-0

[Event "Challenge"]
[Site "http://www.queenalice.com/game.php?id=606472"]
[Date "2009.6.20"]
[Round "-"]
[White "garca"]
[Black "barbarosa"]
[Result "1-0"]
[WhiteElo "1809"]
[BlackElo "1830"]

1. e4 e5 2. Nf3 d6 3. d3 h6 4. h3 Nc6 5. Nc3 Be7 6. Be2 Nf6 7. O-O O-O 8. Bd2 a6
9. a3 b5 10. Be3 Be6 11. Nb1 Nh7 12. Nc3 Ng5 13. Nxg5 Bxg5 14. Bxg5 Qxg5 15. Bg4
Bxg4 16. hxg4 Nd4 17. f3 c6 18. Ne2 Nxe2+ 19. Qxe2 c5 20. Kf2 Rad8 21. Rh1 d5
22. Rh5 Qf6 23. Rah1 Qb6 24. Kg3 f6 25. exd5 Rxd5 26. Qe4 Qd6 27. Kf2 Rd4 28.
Qg6 f5 29. Qxd6 Rxd6 30. Rxf5 Rxf5 31. gxf5 Kf7 32. g4 Kf6 33. Rh5 a5 34. Ke3 b4
35. Rh1 Rd8 36. a4 Rd4 37. b3 Rd8 38. Rc1 Rh8 39. c3 bxc3 40. Rxc3 Rc8 41. Ke4
Kg5 42. Kxe5 Re8+ 43. Kd5 Kf4 44. d4 cxd4 45. Kxd4 Rd8+ 46. Kc4 Rc8+ 47. Kd3
Rxc3+ 48. Kxc3 Kxf3 49. b4 axb4+ 50. Kxb4 Kxg4 51. a5 Kxf5 52. a6 g5 53. a7 h5
54. a8=Q h4 55. Qf3+ Kg6 56. Qg4 Kh6 57. Kc4 1-0

[Event "Challenge"]
[Site "http://www.queenalice.com/game.php?id=632088"]
[Date "2009.8.7"]
[Round "-"]
[White "ORNELAS"]
[Black "barbarosa"]
[Result "1-0"]
[WhiteElo "1729"]
[BlackElo "1851"]

1. d4 d5 2. Nf3 h6 3. b4 Nf6 4. a3 Nfd7 5. c3 b5 6. Bf4 Nf6 7. Nbd2 c6 8. Be5
Nbd7 9. Bxf6 Nxf6 10. e3 a5 11. bxa5 Rxa5 12. Ne5 Bb7 13. Ndf3 e6 14. Qb3 Bd6
15. Be2 Ne4 16. O-O O-O 17. Bd3 Ng5 18. Nxg5 Qxg5 19. Nf3 Qe7 20. Qc2 1-0

[Event "Challenge"]
[Site "http://www.queenalice.com/game.php?id=671951"]
[Date "2009.10.24"]
[Round "-"]
[White "barbarosa"]
[Black "pimprenelle"]
[Result "0-1"]
[WhiteElo "1835"]
[BlackElo "1995"]

1. b3 c5 2. Bb2 Nc6 3. e4 d5 4. exd5 Qxd5 5. Nc3 Qe6+ 6. Qe2 Nd4 7. Qxe6 Bxe6 8.
O-O-O Bd7 9. Ne4 e5 10. Ne2 Bc6 11. f3 Nf6 12. Nxf6+ gxf6 13. Rg1 O-O-O 14. Nxd4
cxd4 15. d3 Bh6+ 16. Kb1 Be3 17. Rh1 Rhg8 18. Bc1 Bg5 19. h4 Bxc1 20. Rxc1 f5
21. Rg1 Bxf3 22. g3 Bg4 23. Re1 f6 24. Be2 Kd7 25. Kb2 Ke6 26. a4 Bxe2 27. Rxe2
Rg4 28. c3 dxc3+ 29. Kxc3 f4 30. Kd2 Rxg3 31. Rxg3 fxg3 32. Rg2 Rg8 33. Ke2 Kd5
34. Ke3 f5 0-1

[Event "Challenge"]
[Site "http://www.queenalice.com/game.php?id=671952"]
[Date "2009.10.24"]
[Round "-"]
[White "pimprenelle"]
[Black "barbarosa"]
[Result "1-0"]
[WhiteElo "1906"]
[BlackElo "1833"]

1. d4 d5 2. Bf4 Nc6 3. e3 Nf6 4. Nd2 h6 5. c3 e6 6. Bd3 Bd6 7. Bg3 Bxg3 8. hxg3
a6 9. Ngf3 O-O 10. e4 dxe4 11. Nxe4 Nxe4 12. Bxe4 Qd6 13. Qd2 Rb8 14. O-O-O Na5
15. Rxh6 f5 16. Qg5 fxe4 17. Qh5 gxh6 18. Qg6+ Kh8 19. Qxh6+ Kg8 20. Qg6+ Kh8
21. Rh1# 1-0

[Event "Challenge"]
[Site "http://www.queenalice.com/game.php?id=684203"]
[Date "2009.11.16"]
[Round "-"]
[White "barbarosa"]
[Black "dinoD19"]
[Result "0-1"]
[WhiteElo "1853"]
[BlackElo "1908"]

1. e4 e5 2. Nf3 Nc6 3. Bb5 a6 4. Bxc6 dxc6 5. O-O Nf6 6. Nxe5 Nxe4 7. Qf3 Nf6 8.
h3 Bd6 9. Re1 O-O 10. Nc4 Be6 11. Na5 Bd5 12. Qf5 g6 13. Qd3 Nh5 14. Nxb7 Qg5
15. g4 Bg2 16. Nxd6 Rad8 17. Qe3 Qd5 18. gxh5 Qxd6 19. Kxg2 Rde8 20. Qg3 Rxe1
21. Qxd6 cxd6 22. Na3 g5 23. b3 Rfe8 24. Bb2 R1e4 25. Nc4 Rh4 26. Nxd6 Rd8 27.
Re1 g4 28. Re8+ Rxe8 29. Nxe8 gxh3+ 30. Kh2 Kf8 31. Nf6 Ke7 32. d3 Ke6 33. c4
Kf5 34. Nxh7 Rxh5 35. Nf6 Rh4 36. Ne4 Kg4 37. a4 Kf3 38. Ng5+ Kxf2 39. Nxh3+ Kf3
40. b4 Kg4 41. b5 Rxh3+ 42. Kg1 axb5 43. axb5 cxb5 44. cxb5 Rxd3 45. b6 Rd1+ 0-1

[Event "Challenge"]
[Site "http://www.queenalice.com/game.php?id=684204"]
[Date "2009.11.16"]
[Round "-"]
[White "dinoD19"]
[Black "barbarosa"]
[Result "1-0"]
[WhiteElo "1922"]
[BlackElo "1839"]

1. e4 e5 2. Nf3 d6 3. Nc3 h6 4. Bc4 Nf6 5. O-O b6 6. d4 exd4 7. Nxd4 c5 8. Nf5
Nxe4 9. Re1 Bxf5 10. Bd5 Nd7 11. Nxe4 Bxe4 12. Rxe4+ Be7 13. Bxa8 Qxa8 14. Qe2
Qd8 15. Bf4 Nf6 16. Re3 Nd5 17. Rf3 Nxf4 18. Rxf4 O-O 19. Re1 Bf6 20. c3 a5 21.
a3 Be5 22. Rf3 Re8 23. b4 Kf8 24. Kh1 h5 25. bxc5 bxc5 26. Qc4 f6 27. Qh4 g6 28.
Rb1 Kg7 29. Qc4 Qc7 30. a4 Rb8 31. Rb5 Rd8 32. Qd5 g5 33. Rb7 Rd7 34. Rxc7 Rxc7
35. Qa8 Re7 36. g3 g4 37. Re3 Kg6 38. Qxa5 Rb7 39. Qa8 Rb1+ 40. Kg2 Ra1 41. Qg8+
Kh6 42. f4 gxf3+ 43. Rxf3 Re1 44. Rf5 Re2+ 45. Kh3 Re4 46. Qf7 1-0

[Event "Challenge"]
[Site "http://www.queenalice.com/game.php?id=693768"]
[Date "2009.12.6"]
[Round "-"]
[White "barbarosa"]
[Black "aciles"]
[Result "1-0"]
[WhiteElo "1851"]
[BlackElo "1825"]

1. e4 c5 2. Bc4 e6 3. d4 d5 4. Bb5+ Nc6 5. exd5 Qxd5 6. Nf3 cxd4 7. Bxc6+ bxc6
8. Qxd4 Qxd4 9. Nxd4 Be7 10. O-O Bb7 11. a3 O-O-O 12. Nf3 1-0

[Event "Challenge"]
[Site "http://www.queenalice.com/game.php?id=693769"]
[Date "2009.12.6"]
[Round "-"]
[White "aciles"]
[Black "barbarosa"]
[Result "0-1"]
[WhiteElo "1843"]
[BlackElo "1835"]

1. d4 d5 2. c4 Nc6 3. e3 e6 4. Nf3 h6 5. Bd3 Nb4 6. O-O Nxd3 7. Qxd3 dxc4 8.
Qxc4 Bd6 9. e4 c6 10. Nc3 Ne7 11. Rd1 O-O 0-1

[Event "Challenge"]
[Site "http://www.queenalice.com/game.php?id=693770"]
[Date "2009.12.6"]
[Round "-"]
[White "barbarosa"]
[Black "OliverMeewes"]
[Result "0-1"]
[WhiteElo "1866"]
[BlackElo "1933"]

1. e4 e5 2. Nf3 Nc6 3. Bb5 d6 4. h3 Bd7 5. O-O a6 6. Bc4 Nf6 7. Ng5 Be6 8. Bxe6
fxe6 9. Nxe6 Qd7 10. Nxf8 Rxf8 11. d3 h6 12. a3 Qf7 13. Nc3 O-O-O 14. Be3 g5 15.
b4 Rg8 16. Nd5 Nxd5 17. exd5 Ne7 18. c4 Rh8 19. Qg4+ Kb8 20. d4 Ng6 21. c5 dxc5
22. dxc5 Qxd5 23. Rad1 Qc6 24. Qf5 Nh4 25. Rxd8+ Rxd8 26. Qg4 Rd3 27. Bc1 Qd5
28. a4 Rd4 29. f4 exf4 30. Bxf4 Rxb4 31. Rd1 Qxc5+ 32. Kh2 Rxf4 33. Qg3 Qc2 34.
Rd8+ Ka7 35. Qe3+ b6 36. Rd2 Qxa4 37. Qe7 Rc4 38. Rd7 Qc6 39. Rd2 Rd4 40. Rf2
Qd6+ 41. Qxd6 Rxd6 42. g3 Ng6 43. Rc2 c5 44. Rc4 Ne5 0-1

[Event "Challenge"]
[Site "http://www.queenalice.com/game.php?id=693771"]
[Date "2009.12.6"]
[Round "-"]
[White "OliverMeewes"]
[Black "barbarosa"]
[Result "0-1"]
[WhiteElo "1897"]
[BlackElo "1855"]

1. e4 b6 2. Nf3 Bb7 3. Nc3 h6 4. Bc4 e6 5. d3 Ne7 6. a3 d5 7. Bb3 Ng6 8. e5 f6
9. exf6 Qxf6 10. Nb5 a6 11. Nxc7+ Kf7 12. Nxa8 Bxa8 13. d4 Bd6 14. Be3 Re8 15.
Qd3 b5 16. a4 Bc6 17. c3 e5 18. dxe5 Nxe5 19. Nxe5+ Rxe5 20. O-O Rh5 21. g3 Ke7
22. Rfe1 Kd7 23. axb5 Bxb5 24. c4 dxc4 25. Bxc4 Qxb2 26. Reb1 Qe5 27. Bxb5+ axb5
28. Bf4 Qd5 29. Ra7+ Kc6 30. Rc1+ Kb6 31. Qe3+ Bc5 32. Rxc5 Qxc5 33. Qxc5+ Rxc5
34. Rxg7 Rc8 35. Rg6+ Nc6 36. Rxh6 Ka5 37. Bd2+ b4 38. Rh4 Ka4 39. Bc1 Ne5 40.
Re4 Rxc1+ 41. Kg2 Nc4 42. Re8 b3 43. Rb8 b2 44. Rxb2 Nxb2 45. h4 Nd3 46. f4 Kb5
47. Kf3 Kc6 48. f5 Rc4 49. h5 Ne5+ 50. Kg2 Kd7 51. h6 Rc8 52. Kh3 Nf7 53. Kh4
Nxh6 54. Kg5 Nf7+ 55. Kf6 Ke8 56. g4 Kf8 57. g5 Rc6# 0-1

[Event "Challenge"]
[Site "http://www.queenalice.com/game.php?id=739210"]
[Date "2010.3.1"]
[Round "-"]
[White "barbarosa"]
[Black "dinoD19"]
[Result "0-1"]
[WhiteElo "1860"]
[BlackElo "1960"]

1. e4 e5 2. Nf3 Nc6 3. Bb5 Nf6 4. Nc3 Nd4 5. Bc4 Bc5 6. Nxe5 Qe7 7. Nf3 d5 8.
Bxd5 Nxd5 9. Nxd4 Nxc3 10. dxc3 Qxe4+ 11. Qe2 Qxe2+ 12. Nxe2 Bf5 13. O-O Bxc2
14. Re1 O-O-O 15. b4 Be7 16. Nd4 Bxb4 17. cxb4 Rxd4 18. a3 f6 19. h3 Ba4 20. Be3
Rd3 21. Bxa7 b6 22. Re7 Rd7 23. Rae1 Rhd8 24. R7e4 Kb7 25. Bxb6 cxb6 26. Rb1 Bc2
27. Rb2 Bxe4 0-1

[Event "Challenge"]
[Site "http://www.queenalice.com/game.php?id=739211"]
[Date "2010.3.1"]
[Round "-"]
[White "dinoD19"]
[Black "barbarosa"]
[Result "1-0"]
[WhiteElo "1947"]
[BlackElo "1873"]

1. e4 e5 2. f4 Nc6 3. Nf3 d6 4. Nc3 h6 5. fxe5 dxe5 6. Bb5 Qd6 7. d4 Bg4 8. d5
a6 9. dxc6 Qxd1+ 10. Nxd1 axb5 11. cxb7 Rb8 12. Nxe5 Bxd1 13. Kxd1 Rxb7 14. a4
Bd6 15. Nd3 bxa4 16. e5 Be7 17. Rxa4 Rb8 18. Rf1 c5 19. Be3 Rc8 20. c4 h5 21.
Ke2 g5 22. h4 gxh4 23. Rfa1 Nh6 24. Ra8 Rd8 25. Nxc5 Bxc5 26. Rxd8+ 1-0

[Event "Challenge"]
[Site "http://www.queenalice.com/game.php?id=782590"]
[Date "2010.5.29"]
[Round "-"]
[White "barbarosa"]
[Black "pancas"]
[Result "0-1"]
[WhiteElo "1819"]
[BlackElo "1707"]

1. e4 e5 2. Nf3 Nc6 3. Bb5 a6 4. Bxc6 dxc6 5. O-O Bd6 6. h3 Nf6 7. d3 h6 8. a3
O-O 9. b4 c5 10. bxc5 Be7 11. c6 bxc6 12. Nxe5 Qd4 13. Nxc6 Qxa1 14. Nxe7+ Kh8
15. Nd2 Bb7 16. e5 Nd5 17. Nxd5 Bxd5 18. Qh5 Qc3 19. Ne4 Qxc2 20. Qf3 f5 21.
exf6 Rxf6 22. Qe3 Re6 0-1

[Event "Challenge"]
[Site "http://www.queenalice.com/game.php?id=782591"]
[Date "2010.5.29"]
[Round "-"]
[White "pancas"]
[Black "barbarosa"]
[Result "1-0"]
[WhiteElo "1727"]
[BlackElo "1799"]

1. e4 e5 2. Nf3 d6 3. d4 Nd7 4. dxe5 dxe5 5. Bc4 Bd6 6. Ng5 Nh6 7. Qf3 Nf6 8.
Nh3 b6 9. Bxh6 gxh6 10. Bd5 Nxd5 11. exd5 Bb7 12. Nc3 Qd7 13. O-O O-O-O 14. Rfd1
f5 15. Kh1 e4 16. Qe3 Qg7 17. Nf4 Bxf4 18. Qxf4 Rhg8 19. Qxf5+ Rd7 20. g3 Qg6
21. Qxe4 Qxe4+ 22. Nxe4 1-0